00571nam a22001817a 4500999001900000003000500019038001100024082001700035100002200052245004400074260004200118300001300160500001500173880003400188880005600222942001200278952009900290 c526729d526729NUST awaseem a297.692bQAZ aQazi Javid917719 aPunjab kay sufi danashwar /cQazi Javid aLahore :bIlmi Printing Press,c1979. a311 p. ; aHardcover. 6100-01\raقاضی جاوید 6245-02\raپنجاب کے صوفی دَانشور / 2ddccBK 00102ddc4070aCLbCLcISLd2019-07-15l0o297.692 QAZpCL-E-378r2019-07-15w2019-07-15yBK